[Event "Schaakweek Apeldoorn GM 2018"]
[Site "Apeldoorn"]
[Date "2018.06.15"]
[Round "9"]
[White "Beerdsen, Thomas"]
[Black "Kuipers, Stefan"]
[Result "0-1"]
[WhiteElo "2454"]
[BlackElo "2477"]
[Annotator "TA"]
[PlyCount "85"]
[EventDate "2018.06.12"]
[EventType "tourn"]
[EventCountry "NED"]
[SourceTitle "playchess.com"]
[Source "ChessBase"]
[SourceQuality "1"]

{[%evp 16,85,11,2,13,12,29,25,40,27,39,14,17,62,16,13,15,20,24,4,13,11,14,0,10,0,0,0,12,6,5,0,0,0,17,14,25,27,31,24,25,0,0,0,0,0,8,-64,-61,-54,-60,-64,0,0,0,0,0,0,-7,-7,0,-3134,-2828,-3021,-2535,-2477,-2477,-2477,-1656,-5057,-2477,-1012]} 1. e4 e6 2. d4 d5 3. Nc3 Nf6 4. Bg5 dxe4 5. Nxe4 Be7 6. Nxf6+ Bxf6 7. Bxf6 Qxf6 8. Nf3 O-O 9. Qd3 {LiveBook: 3 Games. C13: French: Classical System: 4 Bg5 Be7, Alekhine-Chatard Attack} (9. Qd2 c5 10. O-O-O Rd8 11. Qc3 cxd4 12. Rxd4 Rxd4 13. Qxd4 Qxd4 14. Nxd4 b6 15. Be2 Bb7 16. Nb5 Nd7 17. Rd1 {0-1 (44) Onischuk,V (2608)-Howell,D (2684) Minsk 2017}) 9... c5 10. O-O-O cxd4 11. Qxd4 {White has an edge.} Qxd4 12. Rxd4 $146 ({Predecessor:} 12. Nxd4 Bd7 13. Bd3 Rc8 14. h4 Nc6 15. Be4 Rab8 {1-0 (53) Serentill Tost,E (1854)-Kazmierczak,E (1563) Barcelona 2014}) 12... Nc6 13. Rd6 Rd8 $1 {[%cal Rd8d6]} 14. Rxd8+ Nxd8 15. Bd3 Bd7 16. Ne5 Be8 17. Rd1 Kf8 18. f4 ({Much weaker is} 18. Bxh7 g6 $17) 18... Ke7 19. h4 h6 20. g4 Nc6 21. Be4 Rc8 22. Nf3 Rd8 23. Rxd8 Nxd8 $11 {[%mdl 4096] Endgame KBN-KBN} 24. Kd2 Bc6 25. Ke3 Bxe4 26. Kxe4 {KN-KN} Nc6 27. a3 Kd6 28. h5 Ne7 29. Nd4 Ng8 30. g5 f6 31. c4 ({White should try} 31. Nb5+ $11 Kc6 32. gxh6 (32. Nxa7+ Kb6 $11) 32... gxh6 33. Nd4+ (33. Nxa7+ Kb6 $11) 33... Kd6 34. f5) 31... fxg5 $15 32. fxg5 hxg5 33. c5+ Kxc5 ({Black should play} 33... Kd7 $15) 34. Nxe6+ $11 Kc4 35. Nxg7 {Threatening Ne8.} Nf6+ 36. Ke5 Nxh5 $1 37. Nxh5 {KN-K3P} Kb3 38. Kd5 $2 {[%mdl 8192] [#]} (38. Nf6 $11) 38... Kxb2 $19 {Black is clearly winning.} 39. a4 Kb3 40. a5 Kb4 41. Ng3 Kxa5 42. Kc5 g4 (42... b5 $142 43. Kd4 g4) 43. Kd4 {Precision: White = 44%, Black = 66%.} 0-1

[Event "Schaakweek Apeldoorn GM 2018"]
[Site "Apeldoorn"]
[Date "2018.06.15"]
[Round "9"]
[White "Ten Hertog, Hugo"]
[Black "Warmerdam, Max"]
[Result "1/2-1/2"]
[WhiteElo "2453"]
[BlackElo "2370"]
[Annotator "TA"]
[PlyCount "19"]
[EventDate "2018.06.12"]
[EventType "tourn"]
[EventCountry "NED"]
[SourceTitle "playchess.com"]
[Source "ChessBase"]
[SourceQuality "1"]

{[%evp 18,19,25,0]} 1. e4 c5 2. Nf3 d6 3. d4 cxd4 4. Nxd4 Nf6 5. Nc3 a6 6. Be3 Ng4 $146 ({Predecessor:} 6... e5 7. Nb3 Be6 8. f3 h5 9. Nd5 Bxd5 10. exd5 Nbd7 11. Qd2 g6 12. O-O-O Nb6 13. Kb1 Nbxd5 14. Bg5 Be7 15. Bd3 Rc8 16. Rhe1 O-O {1-0 (57) Vidit,S (2707)-Korobov,A (2678) Poikovsky 2018}) 7. Bc1 Nf6 8. Be3 Ng4 9. Bc1 Nf6 10. Be3 1/2-1/2